Product Management in India (Record no. 3513)

MARC details
000 -LEADER
fixed length control field 00385nam a22001697a 4500
005 - DATE AND TIME OF LATEST TRANSACTION
control field 20160622112616.0
008 - FIXED-LENGTH DATA ELEMENTS--GENERAL INFORMATION
fixed length control field 160622b xxu||||| |||| 00| 0 eng d
020 ## - INTERNATIONAL STANDARD BOOK NUMBER
ISBN 978-81-203-3383-3
041 ## - LANGUAGE CODE
Language code of text/sound track or separate title eng
082 ## - DEWEY DECIMAL CLASSIFICATION NUMBER
Item number 8964
100 ## - MAIN ENTRY--AUTHOR NAME
Personal name Majumdar, Ramanuj
245 ## - TITLE STATEMENT
Title Product Management in India
260 ## - PUBLICATION, DISTRIBUTION, ETC. (IMPRINT)
Name of publisher PHI
300 ## - PHYSICAL DESCRIPTION
Number of Pages 421
650 ## - SUBJECT ADDED ENTRY--TOPICAL TERM
Topical Term Management
942 ## - ADDED ENTRY ELEMENTS (KOHA)
Koha item type Books
Holdings
Lost status Damaged status Home library Date acquired Cost, normal purchase price Full call number Accession Number Koha item type Collection code Current library Shelving location
    JRU Library 22/06/2016 350.00 8964 8964 Books      
    JRU Library 22/06/2016 350.00 8964 8965 Books MANAGEMENT JRU Library SHELF- 67 D
    JRU Library 22/06/2016 350.00 8964 8966 Books MANAGEMENT JRU Library SHELF- 67 D